000 00787nam a2200265 a 4500
001 BRCA_5618
005 20190320205144.0
008 210211t1921----mx-a######---#001-0#spa-#
041 _aspa
044 _amx
050 4 _aN6550
_b.D54 1921
100 1 _aDiez Barroso, Francisco
_914318
245 1 0 _aEl arte en Nueva España
_cFrancisco Diez Barroso.
260 _aMéxico
_bF. Diez Barroso
_c1921
300 _a419 p., viii
_bil.
_c32 cm.
500 _aIncluye tabla alfabética de ilustraciones
500 _aEstado físico: lomo casi desprendido
500 _aF96
650 1 4 _aArte
_zMéxico
_914319
650 1 4 _aArquitectura
_zMéxico
_9596
650 1 4 _aPintura
_zMéxico
_911995
650 1 4 _aDecoración y ornamentación
_zMéxico
_95596
902 _aGFM
942 _2lcc
_cB
999 _c5312
_d5312